Online
Catalog

El cuento de nunca acabar / (Record no. 58347)

MARC details
000 -CABECERA
campo de control de longitud fija 02033nam a2200361 i 4500
003 - IDENTIFICADOR DEL NÚMERO DE CONTROL
campo de control DO-SdBNP
005 - FECHA Y HORA DE LA ÚLTIMA TRANSACCIÓN
campo de control 20250728135716.0
007 - CAMPO FIJO DE DESCRIPCIÓN FÍSICA--INFORMACIÓN GENERAL
campo de control de longitud fija ta
008 - DATOS DE LONGITUD FIJA--INFORMACIÓN GENERAL
campo de control de longitud fija 250410s2024 dr ||||| |||| 00| | spa d
020 ## - NÚMERO INTERNACIONAL ESTÁNDAR DEL LIBRO
Número Internacional Estándar del Libro 9789945890716
040 ## - FUENTE DE LA CATALOGACIÓN
Centro catalogador/agencia de origen DO-SdBNP
Lengua de catalogación spa
Centro/agencia transcriptor BNPHU
Normas de descripción rda
041 ## - CÓDIGO DE LENGUA
Código de lengua del texto/banda sonora o título independiente spa
082 #4 - NÚMERO DE LA CLASIFICACIÓN DECIMAL DEWEY
Número de clasificación RD863.44
Número de documento/Ítem C965n
Número de edición 22
245 03 - MENCIÓN DE TÍTULO
Título El cuento de nunca acabar /
Mención de responsabilidad, etc. Avelino Stanley, Rafael Peralta Romero, Emilia Pereyra, Luis R. Santos, Rafael García Romero ; prólogo de Esther Jiménez
250 ## - MENCIÓN DE EDICIÓN
Mención de edición Primera edición
264 #4 - PRODUCCIÓN, PUBLICACIÓN, DISTRIBUCIÓN, FABRICACIÓN Y COPYRIGHT
Producción, publicación, distribución, fabricación y copyright Santo Domingo :
Nombre del de productor, editor, distribuidor, fabricante Editorial Doble Infinito
Fecha de producción, publicación, distribución, fabricación o copyright ©2024.
300 ## - DESCRIPCIÓN FÍSICA
Extensión 180 páginas :
Otras características físicas ilustraciones ;
Dimensiones 24 cm
336 ## - TIPO DE CONTENIDO
Término de tipo de contenido rdacontent
Código de tipo de contenido texto
Fuente txt
337 ## - TIPO DE MEDIO
Nombre/término del tipo de medio rdamedia
Código del tipo de medio sin mediación
Fuente n
338 ## - TIPO DE SOPORTE
Nombre/término del tipo de soporte rdacarrier
Código del tipo de soporte volumen
Fuente nc
505 ## - NOTA DE CONTENIDO CON FORMATO
Nota de contenido con formato Prólogo, 11. -- Avelino Stanley: La caravana, 17. --Versus, 25. --El presentimiento, 35. --El ciego y el ladrón, 43. Rafael Peralta Romero: Bar Tleby, 55. --El zapato, 59. --Palillo profeta, 65. --Robar un diamante, 71. Emilia Pereyra: A los ojos del gato, 81. --Amiga, tu último instante, 85. --Malanoche, 93. --Tres calamares, 99. Luis R. Santos: Los derrotados, 107. --El asaltante que amaba la literatura, 117. --Mariana de las flores, de las mariposas y la soledad, 129. --El otro círculo, 139. Rafael García Romero: una almohada vacía, a tu lado, 149. --Las siete puertas de amor, 153. --Cuentos de Navidad, 163. --Una despedida formal, 175.
590 ## - NOTA LOCAL (RLIN)
Nota local Inventariado, 2025/DG
650 #7 - PUNTO DE ACCESO ADICIONAL DE MATERIA--TÉRMINO DE MATERIA
Término de materia o nombre geográfico como elemento de entrada Cuentos dominicanos
9 (RLIN) 176
Subdivisión general Colecciones
650 #7 - PUNTO DE ACCESO ADICIONAL DE MATERIA--TÉRMINO DE MATERIA
Término de materia o nombre geográfico como elemento de entrada Literatura dominicana.
9 (RLIN) 67
Subdivisión de forma Colecciones
700 1# - PUNTO DE ACCESO ADICIONAL--NOMBRE DE PERSONA
Nombre de persona Stanley, Avelino,
Fechas asociadas al nombre 1959-
Término indicativo de función/relación autor
Código de función/relación aut.
9 (RLIN) 1536
700 1# - PUNTO DE ACCESO ADICIONAL--NOMBRE DE PERSONA
Nombre de persona Peralta Romero, Rafael,
Fechas asociadas al nombre 1948-
Término indicativo de función/relación autor
Código de función/relación aut.
9 (RLIN) 79774
700 1# - PUNTO DE ACCESO ADICIONAL--NOMBRE DE PERSONA
Nombre de persona Santos, Luis R.,
Fechas asociadas al nombre 1958-
Término indicativo de función/relación autor
Forma completa/desarrollada del nombre (Luis Rhadamés),
Código de función/relación aut.
9 (RLIN) 2849
700 1# - PUNTO DE ACCESO ADICIONAL--NOMBRE DE PERSONA
Nombre de persona Pereyra, Emilia,
Fechas asociadas al nombre 1963-
Término indicativo de función/relación autor
Código de función/relación aut.
9 (RLIN) 12303
700 1# - PUNTO DE ACCESO ADICIONAL--NOMBRE DE PERSONA
Nombre de persona Garcías Romero, Rafael,
Término indicativo de función/relación autor
Código de función/relación aut.
9 (RLIN) 87446
700 1# - PUNTO DE ACCESO ADICIONAL--NOMBRE DE PERSONA
Nombre de persona Jiménez, Esther,
Término indicativo de función/relación prologuista
Código de función/relación pr.
9 (RLIN) 88446
910 ## - DATOS DE OPCIÓN DEL USUARIO (OCLC)
Datos de opción del usuario DG. Validado. Control de Calidad/MAA
942 ## - ELEMENTOS DE PUNTO DE ACCESO ADICIONAL (KOHA)
Fuente del sistema de clasificación o colocación Dewey Decimal Classification
Tipo de ítem Koha Libro
Holdings
Estado de retiro Estado de pérdida Fuente del sistema de clasificación o colocación Restricciones de uso No para préstamo Código de colección Localización permanente Ubicación/localización actual Ubicación en estantería Fecha de adquisición Fuente de adquisición Total de préstamos Signatura topográfica completa Código de barras Fecha visto por última vez Precio válido a partir de Tipo de ítem Koha Número de copia
    Dewey Decimal Classification Excluido de préstamo   Patrimonio Dominicano Biblioteca Nacional Pedro Henríquez Ureña Biblioteca Nacional Pedro Henríquez Ureña Depósito 05.02.2025 Donación   BNPHU PD RD863.44 C965n 2025-1548 06.03.2025 06.03.2025 Libro  
    Dewey Decimal Classification Excluido de préstamo   Patrimonio Dominicano Biblioteca Nacional Pedro Henríquez Ureña Biblioteca Nacional Pedro Henríquez Ureña Depósito 05.02.2025 Donación   BNPHU PD RD863.44 C965n 2025-1549 06.03.2025 06.03.2025 Libro e.2
    Dewey Decimal Classification Préstamo en sala   Dominicana de Servicio Biblioteca Nacional Pedro Henríquez Ureña Biblioteca Nacional Pedro Henríquez Ureña Depósito 05.02.2025 Donación   BNPHU DS RD863.44 C965n 2025-1550 06.03.2025 06.03.2025 Libro e.3
    Dewey Decimal Classification Préstamo en sala   Dominicana de Servicio Biblioteca Nacional Pedro Henríquez Ureña Biblioteca Nacional Pedro Henríquez Ureña Depósito 31.10.2024 Depósito Legal   BNPHU DS RD863.44 C965n 2025-4107 12.05.2025 12.05.2025 Libro e.4
    Dewey Decimal Classification Préstamo en sala   Dominicana de Servicio Biblioteca Nacional Pedro Henríquez Ureña Biblioteca Nacional Pedro Henríquez Ureña Depósito 31.10.2024 Depósito Legal   BNPHU DS RD863.44 C965n 2025-4108 12.05.2025 12.05.2025 Libro e.5

Powered by Koha